[Event "Spring Server Series, S10519"]
[Site "CCLA"]
[Date "2021.05.22"]
[Round "?"]
[White "Smith, Jason A."]
[Black "Neumann, Elijah"]
[Result "0-1"]
[WhiteElo "1780"]
[BlackElo "1845"]

1. Nf3 d5 2. e4 dxe4 3. Ng5 e5 4. Nxe4 f5 5. d4 Qxd4 6. Qxd4 exd4 7. Ng3 
Be6 8. Bd3 g6 9. Bf4 Nc6 10. Bxc7 Rc8 11. Bf4 Nf6 12. a3 Nd5 13. Ne2 Nxf4 
14. Nxf4 Ne5 15. Nxe6 Nxd3+ 16. cxd3 Rc1+ 17. Ke2 Rxh1 18. Nxd4 Bg7 19. 
Nf3 Bxb2 20. Ra2 Rxb1 21. Nd2 Ra1 22. Rxb2 b6 23. Nc4 Kd7 24. Ne5+ Ke6 25.
 f4 Rxa3 26. Rd2 Rc8 27. d4 Kd5 28. g3 Rc1 29. Nf3 b5 30. Rb2 a6 31. Rd2 
b4 32. Rd3 Rxd3 33. Kxd3 b3 34. Nd2 b2 35. h3 Rd1 36. Kc2 Rxd2+ 37. Kxd2 
b1=Q 38. g4 Kxd4 39. gxf5 gxf5 40. h4 Qb2+ 41. Kd1 Kd3 42. h5 Qd2# 0-1

[Event "Spring Server Series, S10519"]
[Site "CCLA"]
[Date "2021.05.22"]
[Round "?"]
[White "Smith, Jason A."]
[Black "Zarges, Ron V."]
[Result "1-0"]
[WhiteElo "1780"]
[BlackElo "1793"]

1. Nf3 Nf6 2. d4 e6 3. c4 b6 4. g3 Ba6 5. b3 d5 6. cxd5 exd5 7. Bg2 Bd6 8.
 O-O O-O 9. Nc3 Nbd7 10. Re1 Re8 11. Bb2 c6 12. Rc1 Rc8 13. Nd2 Bf8 14. e4
dxe4 15. Ncxe4 Nxe4 16. Nxe4 f5 17. Nd2 Bb7 18. Qc2 Rxe1+ 19. Rxe1 Qg5 20.
 Qc4+ Kh8 21. Nf3 Qg4 22. Qe6 Rd8 23. Ne5 Nxe5 24. Rxe5 Qd1+ 25. Re1 Qc2 
26. Ba3 h6 27. Bxf8 Rxf8 28. Qe7 Rb8 29. Qf7 Ba8 30. Re8+ Rxe8 31. Qxe8+ 
Kh7 32. Qxa8 Qb1+ 33. Bf1 Qxa2 34. Qxc6 Qxb3 35. d5 Qf3 36. Qc4 Qa3 37. 
Qd3 Qf8 38. d6 g6 39. d7 Qd8 40. Qd5 1-0

[Event "Spring Server Series, S10519"]
[Site "CCLA"]
[Date "2021.05.22"]
[Round "?"]
[White "Smith, Jason A."]
[Black "Catania, Duane"]
[Result "0-1"]
[WhiteElo "1780"]
[BlackElo "1630"]

1. Nf3 d5 2. e4 dxe4 3. Ng5 Nf6 4. Bc4 e6 5. Nc3 Be7 6. Ncxe4 Nxe4 7. Nxe4
O-O 8. d4 b6 9. Be3 Bb7 10. Qd3 Nc6 11. O-O-O Nb4 12. Qe2 Bxe4 13. Bh6 
Bg5+ 14. Bxg5 Qxg5+ 15. Qe3 Qxe3+ 16. fxe3 Nxc2 17. Rd2 Nxe3 18. Re2 Nxc4 
19. Rxe4 Nd6 20. Re3 Rad8 21. Rd1 Rd7 22. d5 exd5 23. Rxd5 g6 24. h4 Rfd8 
25. h5 Nf5 26. Rxd7 Rxd7 27. Re8+ Kg7 28. hxg6 hxg6 29. b4 Kf6 30. Re2 Kg5
31. a4 f6 32. a5 bxa5 33. bxa5 Rd5 34. Ra2 c5 35. a6 Nd4 36. Kd2 f5 37. 
Kc3 Kf4 38. Kc4 Re5 39. Rb2 Nc6 40. Rd2 Nb4 41. Rd6 g5 42. Kb5 Kg3 43. Rd7
Kxg2 44. Rxa7 g4 45. Rc7 Nxa6 46. Kxa6 f4 47. Kb5 f3 48. Rxc5 Rxc5+ 49. 
Kxc5 f2 50. Kd4 f1=Q 51. Ke3 g3 52. Kd2 Kf3 53. Kc2 g2 54. Kd2 g1=Q 55. 
Kc2 Qb1+ 56. Kd2 Qe3# 0-1

[Event "Spring Server Series, S10519"]
[Site "CCLA"]
[Date "2021.05.22"]
[Round "?"]
[White "Catania, Duane"]
[Black "Neumann, Elijah"]
[Result "0-1"]
[WhiteElo "1630"]
[BlackElo "1845"]

1. e4 e5 2. Nf3 Nc6 3. Bc4 Bc5 4. b4 Bxb4 5. c3 Ba5 6. Qb3 Qe7 7. Ba3 d6 
8. O-O Nf6 9. d4 O-O 10. Bb5 Bd7 11. Bxc6 Bxc6 12. Nxe5 Bxe4 13. Nd2 Bd5 
14. Qc2 c5 15. Nd3 cxd4 16. cxd4 Rac8 17. Qd1 Bc3 18. Re1 Qd7 19. Bb2 Qf5 
20. Bxc3 Rxc3 21. Nb4 Bxg2 22. Kxg2 a5 23. a3 axb4 24. axb4 Qh3+ 25. Kg1 
Rd3 26. Re2 Ng4 27. f3 Ne3 28. Rxe3 Rxe3 0-1

[Event "Spring Server Series, S10519"]
[Site "CCLA"]
[Date "2021.05.22"]
[Round "?"]
[White "Catania, Duane"]
[Black "Zarges, Ron V."]
[Result "1/2-1/2"]
[WhiteElo "1630"]
[BlackElo "1793"]

1. e4 c5 2. d4 cxd4 3. c3 Nf6 4. e5 Nd5 5. cxd4 d6 6. Nf3 e6 7. Bc4 Nc6 8.
 Nc3 Nxc3 9. bxc3 dxe5 10. dxe5 Qa5 11. Qb3 Nxe5 12. Nxe5 Qxe5+ 13. Be3 
Bd7 14. O-O Bd6 15. g3 Bc6 16. Bf4 Qc5 17. Bxe6 O-O 18. Bxd6 Qxd6 19. Bh3 
Qc5 20. Qb4 Qd5 21. f3 Rfe8 22. Rad1 Qxa2 23. Rf2 Qa4 24. Qxa4 Bxa4 25. 
Rd4 Bc6 26. Bd7 Bxd7 27. Rxd7 b5 28. Ra2 a6 29. Kf2 Kf8 30. Rd6 Re6 31. 
Rxe6 fxe6 32. Ke3 Ke7 33. Ke4 a5 34. f4 Kd6 35. Kd4 g6 36. h3 a4 37. c4 
bxc4 38. Kxc4 e5 39. Rd2+ Ke6 40. Re2 a3 41. Rxe5+ Kf6 42. Re1 a2 43. Ra1 
Ke6 44. Kb3 Kd5 45. g4 Ke4 46. f5 gxf5 47. gxf5 Kxf5 48. Kb2 Rb8+ 49. Kc2 
Rg8 50. Rf1+ Kg6 51. Kb2 Kh5 52. Kxa2 Kh4 53. Kb2 h5 54. Kc2 Rg2+ 55. Kd3 
Kxh3 56. Ke3 h4 57. Rf6 Rg4 58. Kf3 Rg3+ 59. Kf2 Kh2 60. Rh6 h3 61. Rh7 
Rg2+ 1/2-1/2

[Event "Spring Server Series, S10519"]
[Site "CCLA"]
[Date "2021.05.22"]
[Round "?"]
[White "Catania, Duane"]
[Black "Smith, Jason A."]
[Result "0-1"]
[WhiteElo "1630"]
[BlackElo "1780"]

1. e4 c5 2. d4 cxd4 3. Nf3 Nc6 4. c3 dxc3 5. Nxc3 e6 6. Be2 a6 7. O-O Qc7 
8. Be3 Be7 9. Rc1 b5 10. Nd5 exd5 11. exd5 Nf6 12. dxc6 dxc6 13. Qc2 Bb7 
14. Bc5 O-O 15. Bd3 Bxc5 16. Qxc5 Rad8 17. Bc2 Rd5 18. Qa3 c5 19. Rfe1 Rh5
20. h3 Nd5 21. Bd1 Nf4 22. Qe3 Nxh3+ 23. gxh3 Rxh3 24. Rxc5 Qd6 25. Rg5 
Qh6 26. Kf1 Bxf3 27. Bxf3 Rxf3 28. Rxg7+ Qxg7 29. Qxf3 Qxb2 30. Re4 Kh8 
31. Re2 Qa1+ 32. Re1 Qg7 33. Qc6 Rg8 34. Qh1 a5 35. Qe4 Qg1+ 36. Ke2 Qg4+ 
37. Kd3 Rd8+ 38. Kc3 Qxe4 39. Rxe4 b4+ 40. Kc2 Rd5 41. f3 f5 42. Re7 h5 
43. Re1 Kg7 44. f4 Rd4 45. Rg1+ Kf6 46. Rf1 h4 47. a3 bxa3 48. Kb3 Rd3+ 
49. Ka4 h3 50. Rf2 Ke6 51. Kxa5 Kd5 52. Kb4 Ke4 53. Rf1 Rf3 0-1

[Event "Summer Server Series, Sect 3, S10520"]
[Site "CCLA"]
[Date "2021.05.22"]
[Round "?"]
[White "Thomas, Gerald K."]
[Black "Smiley, William R."]
[Result "0-1"]
[WhiteElo "1585"]
[BlackElo "1484"]

1. e4 e5 2. Nf3 Nc6 3. Bb5 a6 4. Ba4 b5 5. Bb3 Nf6 6. d3 h6 7. O-O Bc5 8. 
c3 d6 9. h3 O-O 10. Re1 Bb7 11. Be3 Bxe3 12. Rxe3 Ne7 13. Nbd2 Ng6 14. Nf1
c5 15. N3d2 Qc7 16. Ng3 Kh7 17. Nf3 Rad8 18. Nf5 d5 19. exd5 Bxd5 20. Bxd5
Nxd5 21. Re4 f6 22. N3h4 Nde7 23. Qg4 Qc8 24. Re3 Qe6 25. Rg3 Qf7 26. Nxe7
Nxe7 27. Qe4+ Kh8 28. Ng6+ Nxg6 29. Qxg6 Qxg6 30. Rxg6 Rxd3 31. Kf1 Rfd8 
32. Ke1 Rd2 33. b3 Rc2 34. Rg3 Rdd2 35. Rd1 Re2+ 36. Kf1 Rxf2+ 0-1

[Event "Summer Server Series, Sect 3, S10520"]
[Site "CCLA"]
[Date "2021.05.22"]
[Round "?"]
[White "Thomas, Gerald K."]
[Black "Greco, Tom"]
[Result "0-1"]
[WhiteElo "1585"]
[BlackElo "1719"]

1. d4 d5 2. c4 c6 3. e3 Nf6 4. Nc3 e6 5. cxd5 exd5 6. h3 Bd6 7. Bd3 O-O 8.
 Nf3 Nbd7 9. O-O Re8 10. Nh4 Ne4 11. Nf5 Bf8 12. Qg4 Kh8 13. Nxe4 dxe4 14.
 Bc2 Nf6 15. Qg5 h6 16. Qh4 Bxf5 17. f3 Qd7 18. g4 g5 19. Qf2 Bg6 20. fxe4
Nxe4 21. Bxe4 Rxe4 22. a3 c5 23. Bd2 cxd4 24. exd4 Rxd4 25. Qxd4+ Qxd4+ 
26. Rf2 Qxb2 27. Rc1 Qxc1+ 0-1

[Event "Summer Server Series, Sect 3, S10520"]
[Site "CCLA"]
[Date "2021.05.22"]
[Round "?"]
[White "Thomas, Gerald K."]
[Black "Burrus, Michael"]
[Result "1-0"]
[WhiteElo "1585"]
[BlackElo "1555"]

1. d4 d5 2. c4 c6 3. e3 Bf5 4. Nc3 e6 5. cxd5 cxd5 6. Bb5+ Nd7 7. h3 Nf6 
8. g4 Bg6 9. Nf3 Bb4 10. Ne5 O-O 11. Nxg6 hxg6 12. Bd3 Rc8 13. Bd2 Nb6 14.
 f4 Nc4 15. Bc1 Nd6 16. Bd2 Bxc3 17. bxc3 Nfe4 18. Bxe4 Nxe4 19. g5 Nxc3 
20. Bxc3 Rxc3 21. Qf3 Qa5 22. Kf2 Rfc8 23. Kg3 Qa3 24. Rhe1 Rc2 25. Re2 
Rb2 26. Rxb2 Qxb2 27. Qf1 Rc2 28. Rb1 Qxa2 29. Rxb7 Qa3 30. Kf3 a5 31. Qe1
Qd3 32. Rb8+ 1-0

[Event "Summer Server Series, Sect 3, S10520"]
[Site "CCLA"]
[Date "2021.05.22"]
[Round "?"]
[White "Smiley, William R."]
[Black "Thomas, Gerald K."]
[Result "1-0"]
[WhiteElo "1484"]
[BlackElo "1585"]

1. e4 Nf6 2. e5 Nd5 3. d4 Nc6 4. c4 Nb6 5. f4 d6 6. Be3 dxe5 7. fxe5 Bf5 
8. Nc3 e6 9. a3 h6 10. h3 Na5 11. b3 Be7 12. Nf3 g5 13. Nd2 h5 14. g3 h4 
15. g4 Bg6 16. Be2 Nc6 17. Nf3 f6 18. Bd3 Bxd3 19. Qxd3 Rh6 20. O-O-O fxe5
21. dxe5 Qxd3 22. Rxd3 Bxa3+ 23. Kb1 Be7 24. Rhd1 Rd8 25. Rxd8+ Nxd8 26. 
Nxg5 Rg6 27. Nf3 Nc6 28. Ne2 Nd7 29. Nf4 Rh6 30. Nd5 Rh7 31. Nxe7 Rxe7 32.
 Bg5 1-0

[Event "Summer Server Series, Sect 3, S10520"]
[Site "CCLA"]
[Date "2021.05.22"]
[Round "?"]
[White "Smiley, William R."]
[Black "Greco, Tom"]
[Result "0-1"]
[WhiteElo "1484"]
[BlackElo "1719"]

1. e4 e5 2. Nc3 Nf6 3. Bc4 Bc5 4. d3 c6 5. Bg5 d6 6. h3 Be6 7. Bb3 Nbd7 8.
 Nf3 O-O 9. O-O b5 10. Ne2 a5 11. c3 h6 12. Be3 Bb6 13. Bc2 Rc8 14. Ng3 
Bc7 15. Re1 d5 16. d4 Nxe4 17. Nxe4 dxe4 18. Bxe4 f5 19. Bxc6 e4 20. Bxd7 
Qxd7 21. Nh2 Rf6 22. Bd2 Bd5 23. Qc2 Re8 24. Nf1 f4 0-1

[Event "Summer Server Series, Sect 3, S10520"]
[Site "CCLA"]
[Date "2021.05.22"]
[Round "?"]
[White "Smiley, William R."]
[Black "Burrus, Michael"]
[Result "0-1"]
[WhiteElo "1484"]
[BlackElo "1555"]

1. e4 c6 2. d4 d5 3. Nc3 dxe4 4. Nxe4 Bf5 5. Ng3 Bg6 6. c3 e6 7. Bd3 Nd7 
8. Bxg6 hxg6 9. Nf3 Bd6 10. Qe2 Qc7 11. O-O Ngf6 12. Qe1 O-O-O 13. Bg5 
Rde8 14. c4 c5 15. b3 Ng4 16. dxc5 Nxc5 17. h3 Nxf2 18. Qxf2 Bxg3 19. Qe2 
f6 20. Bd2 e5 21. Be1 Bxe1 22. Raxe1 Qc6 23. Qc2 Ne6 24. Qe4 Qxe4 25. Rxe4
Rd8 26. b4 Nf4 27. Kh2 Rd7 {White forfeited} 0-1

[Event "Summer Server Series, Sect 3, S10520"]
[Site "CCLA"]
[Date "2021.05.22"]
[Round "?"]
[White "Greco, Tom"]
[Black "Thomas, Gerald K."]
[Result "1-0"]
[WhiteElo "1719"]
[BlackElo "1585"]

1. e4 c5 2. Nf3 d6 3. d4 cxd4 4. Nxd4 a6 5. Bd3 e5 6. Nf5 g6 7. Ne3 Be6 8.
 c4 Nc6 9. a3 Qb6 10. O-O Nd4 11. b4 Bg7 12. Nc3 Ne7 13. Bb2 h5 14. Qa4+ 
Bd7 15. Qd1 O-O-O 16. Rb1 Nec6 17. Ned5 Qa7 18. Na4 Kb8 19. Ndb6 Be6 20. 
Kh1 f5 21. f4 fxe4 22. Bxe4 Bf5 23. Bxf5 Nxf5 24. Qd3 e4 25. Qxe4 Bxb2 26.
 Rxb2 Rhe8 27. Qb1 Re3 28. Rb3 Rxb3 29. Qxb3 Nfd4 30. Qd3 Nf5 31. Re1 Ncd4
32. Re4 Nc6 33. Re6 Nce7 34. g3 Kc7 35. h3 Nc8 36. Nd5+ Kb8 37. Nab6 Nxb6 
38. Nxb6 Qxb6 39. Rxg6 Qc6+ 40. Kg1 Qd7 41. Rg5 Rf8 42. Rxh5 1-0

[Event "Summer Server Series, Sect 3, S10520"]
[Site "CCLA"]
[Date "2021.05.22"]
[Round "?"]
[White "Greco, Tom"]
[Black "Smiley, William R."]
[Result "1-0"]
[WhiteElo "1719"]
[BlackElo "1484"]

1. e4 e5 2. Nf3 Nc6 3. Bb5 a6 4. Ba4 b5 5. Bb3 Nf6 6. O-O Nxe4 7. d4 exd4 
8. Re1 d5 9. Nc3 Be6 10. Nxe4 dxe4 11. Rxe4 Qe7 12. Ng5 Nd8 13. Nxe6 fxe6 
14. Qg4 1-0

[Event "Summer Server Series, Sect 3, S10520"]
[Site "CCLA"]
[Date "2021.05.22"]
[Round "?"]
[White "Greco, Tom"]
[Black "Burrus, Michael"]
[Result "1-0"]
[WhiteElo "1719"]
[BlackElo "1555"]

1. e4 e5 2. Nf3 Nc6 3. Bb5 a6 4. Ba4 Nf6 5. O-O Be7 6. Re1 b5 7. Bb3 d6 8.
 c3 Na5 9. Bc2 O-O 10. h3 c5 11. d4 Nd7 12. dxe5 dxe5 13. Nbd2 Nc6 14. Nf1
Bb7 15. Qe2 Re8 16. Be3 c4 17. Rad1 Qc7 18. Ng3 Nc5 19. Nf5 Bd8 20. Nh2 
Ne7 21. Bxc5 Nxf5 22. Ba3 Qc6 23. Nf3 Ne7 24. Nxe5 Qf6 25. Ng4 Qg6 26. b3 
Rc8 27. Rd6 Qg5 28. Bc1 Qc5 29. Qd2 Bc7 30. Rd4 h5 31. b4 Qc6 32. Nh2 Be5 
33. Nf3 Bxd4 34. cxd4 f6 35. a3 Ng6 36. Qc3 Kf7 37. Bd2 Qd6 38. g3 Re7 39.
 e5 1-0

[Event "Summer Server Series, Sect 3, S10520"]
[Site "CCLA"]
[Date "2021.05.22"]
[Round "?"]
[White "Burrus, Michael"]
[Black "Thomas, Gerald K."]
[Result "0-1"]
[WhiteElo "1555"]
[BlackElo "1585"]

1. e4 c6 2. d4 d5 3. Nd2 a6 4. exd5 cxd5 5. c3 Bf5 6. Ndf3 e6 7. Bd3 Bxd3 
8. Qxd3 Be7 9. Bf4 Nf6 10. Ne2 Ne4 11. O-O O-O 12. Ng3 f5 13. Qe3 Nd7 14. 
Nxe4 dxe4 15. Nd2 Nb6 16. f3 Nd5 0-1

[Event "Summer Server Series, Sect 3, S10520"]
[Site "CCLA"]
[Date "2021.05.22"]
[Round "?"]
[White "Burrus, Michael"]
[Black "Smiley, William R."]
[Result "1-0"]
[WhiteElo "1555"]
[BlackElo "1484"]

1. Nf3 d5 2. d4 g6 3. Bf4 Bg7 4. e3 Nf6 5. Nbd2 O-O 6. c3 e6 7. Bd3 Nbd7 
8. Qe2 Nh5 9. Bg3 Re8 10. O-O-O Nhf6 11. Kb1 c5 12. h3 c4 13. Bc2 b5 14. 
e4 Nb6 15. e5 Nfd7 16. Nh4 a5 17. f4 f5 18. exf6 Bxf6 19. Nhf3 Kg7 20. Ne5
Nxe5 21. fxe5 Be7 22. h4 Nd7 23. Qg4 Nf8 24. Rdf1 b4 25. h5 g5 26. h6+ Kh8
27. Rf7 Ng6 28. Rhf1 Rf8 29. Qh5 Rg8 30. Rxh7+ Kxh7 31. Rf7+ Kh8 32. Bxg6 
1-0

[Event "Summer Server Series, Sect 3, S10520"]
[Site "CCLA"]
[Date "2021.05.22"]
[Round "?"]
[White "Burrus, Michael"]
[Black "Greco, Tom"]
[Result "1-0"]
[WhiteElo "1555"]
[BlackElo "1719"]

1. d4 d5 2. c4 c6 3. Nc3 Nf6 4. Nf3 e6 5. Bg5 h6 6. Bh4 dxc4 7. a4 Bb4 8. 
e3 b5 9. Be2 Bb7 10. O-O a6 11. Ne5 Nbd7 12. Qc2 Qc7 13. Bg3 Nxe5 14. Bxe5
Qe7 15. Bf3 O-O 16. b3 Nd7 17. Bg3 Nb6 18. Ne4 cxb3 19. Qxb3 Nd5 20. Rfc1 
Ba5 21. Bd6 Qh4 22. Bxf8 Rxf8 23. axb5 Bc7 24. h3 axb5 25. Ra7 Rb8 26. Nc5
Bc8 27. Bxd5 cxd5 28. Rxc7 Qd8 29. Nd3 g5 30. Ne5 Qe8 31. Qc2 Bb7 32. Nxf7
Qf8 33. Qg6+ 1-0

[Event "Spring Server Series, S10521"]
[Site "CCLA"]
[Date "2021.05.22"]
[Round "?"]
[White "Cangelosi, Dominic"]
[Black "Harris, Jarrod"]
[Result "1-0"]
[WhiteElo "1441"]
[BlackElo "1488"]

1. d4 d6 2. e3 Nf6 3. Bd3 g6 4. Nf3 Bg7 5. Nbd2 O-O 6. O-O Nbd7 7. c4 c6 
8. Re1 Qc7 9. e4 Re8 10. e5 dxe5 11. dxe5 Ng4 12. Nf1 Ndxe5 13. Nxe5 Nxe5 
14. Bf4 f6 15. Bc2 Qb6 16. Bxe5 fxe5 17. Bb3 Bf5 18. c5+ Qxb3 19. Qxb3+ 
Kh8 20. Ng3 Bc8 21. Ne4 Bf5 22. Qxb7 Rab8 23. Qxc6 Rf8 24. Ng5 Rxb2 25. 
Ne6 Bxe6 26. Qxe6 Rfxf2 27. Qc8+ Bf8 28. Qh3 e6 29. Rf1 Rfc2 30. Rxf8+ Kg7
31. Raf1 e4 32. R1f7# 1-0

[Event "Spring Server Series, S10521"]
[Site "CCLA"]
[Date "2021.05.22"]
[Round "?"]
[White "Harris, Jarrod"]
[Black "Cangelosi, Dominic"]
[Result "1-0"]
[WhiteElo "1488"]
[BlackElo "1441"]

1. d4 f5 2. c4 Nf6 3. Nc3 e6 4. Nf3 c6 5. Bg5 Be7 6. Qc2 h6 7. Bxf6 Bxf6 
8. e4 d5 9. exf5 exf5 10. cxd5 Qe7+ 11. Be2 Bd7 12. O-O c5 13. Ne5 cxd4 
14. Bh5+ Kf8 15. Ng6+ 1-0

[Event "Spring Server Series, S10521"]
[Site "CCLA"]
[Date "2021.05.22"]
[Round "?"]
[White "Harris, Jarrod"]
[Black "Nurmi, Ronald"]
[Result "1-0"]
[WhiteElo "1488"]
[BlackElo "1492"]

1. d4 d5 2. Nf3 Nf6 3. Bf4 c5 4. e3 Nc6 5. c3 Qb6 6. Qc2 g6 7. Nbd2 Bg7 8.
 Be2 Bf5 9. Qc1 O-O 10. O-O Rac8 11. Nh4 Bg4 12. Bxg4 Nxg4 13. Qd1 Nf6 14.
 dxc5 Qxc5 15. Nb3 Qb6 16. Nd4 e6 17. Qd2 Ne4 18. Qe2 g5 19. Nxc6 Qxc6 20.
 f3 Nxc3 21. bxc3 gxf4 22. exf4 Qxc3 23. f5 Bf6 24. f4 Bxh4 25. Qg4+ Qg7 
26. Qxh4 exf5 27. Rad1 Rcd8 28. Rf3 Rd6 29. Rg3 Rg6 30. Qe7 Rxg3 31. hxg3 
Qxg3 32. Qe5 Rd8 33. Qxf5 Qg6 34. Qe5 Qe6 35. Qg5+ 1-0

[Event "Spring Server Series, S10521"]
[Site "CCLA"]
[Date "2021.05.22"]
[Round "?"]
[White "Harris, Jarrod"]
[Black "Vecchio, Ralph"]
[Result "1-0"]
[WhiteElo "1488"]
[BlackElo "1412"]

1. d4 d5 2. Nf3 Nf6 3. Bf4 c5 4. e3 Nc6 5. c3 e6 6. Qc2 c4 7. b3 b5 8. a4 
b4 9. bxc4 a5 10. cxd5 exd5 11. cxb4 Bxb4+ 12. Nbd2 Ne4 13. Qxc6+ Bd7 14. 
Qxd5 Nf6 15. Qe5+ Be7 16. Bd3 Be6 17. O-O Rc8 18. Bb5+ Bd7 19. Bxd7+ Qxd7 
20. Ne4 O-O 21. Nxf6+ Bxf6 22. Qh5 g6 23. Qxa5 h6 24. Bxh6 Rfe8 25. Qa6 
Rc6 26. Qb5 Qd6 27. Bg5 Kg7 28. Bxf6+ Qxf6 29. d5 Rb6 30. Qxe8 Qf5 31. 
Qe5+ 1-0

[Event "Spring Server Series, S10521"]
[Site "CCLA"]
[Date "2021.05.22"]
[Round "?"]
[White "Nurmi, Ronald"]
[Black "Cangelosi, Dominic"]
[Result "1-0"]
[WhiteElo "1492"]
[BlackElo "1441"]

1. d4 f5 2. Bg5 d5 3. e3 Nf6 4. Bxf6 gxf6 5. Qh5+ Kd7 6. Qxf5+ e6 7. Qf3 
c5 8. c3 c4 9. g3 b5 10. Bg2 Bb7 11. Ne2 Qb6 12. e4 Qa5 13. Qxf6 Rg8 14. 
Qf7+ 1-0

[Event "Spring Server Series, S10521"]
[Site "CCLA"]
[Date "2021.05.22"]
[Round "?"]
[White "Nurmi, Ronald"]
[Black "Harris, Jarrod"]
[Result "1/2-1/2"]
[WhiteElo "1492"]
[BlackElo "1488"]

1. d4 Nf6 2. Bg5 g6 3. Bxf6 exf6 4. e3 Bg7 5. g3 O-O 6. Bg2 f5 7. Ne2 d5 
8. O-O c5 9. Nbc3 cxd4 10. Nxd4 Be6 11. Nce2 Nc6 12. c3 Nxd4 13. Nxd4 Qb6 
14. Qd2 Rad8 15. Rfe1 Bxd4 16. cxd4 Rc8 17. b3 Rc7 1/2-1/2

[Event "Spring Server Series, S10521"]
[Site "CCLA"]
[Date "2021.05.22"]
[Round "?"]
[White "Nurmi, Ronald"]
[Black "Vecchio, Ralph"]
[Result "1-0"]
[WhiteElo "1492"]
[BlackElo "1412"]

1. d4 d5 2. Bf4 Nf6 3. e3 c6 4. Bd3 e6 5. Nd2 Be7 6. Ngf3 Nbd7 7. c3 b6 8.
 Ne5 Nxe5 9. dxe5 Ne4 10. Nxe4 dxe4 11. Bxe4 Bb7 12. O-O Qc7 13. Qc2 O-O-O
14. Bxh7 g6 15. Bxg6 fxg6 16. Qxg6 c5 17. Qxe6+ Qd7 18. Qxd7+ Rxd7 19. 
Rad1 Rhd8 20. Rxd7 Rxd7 21. f3 Ba6 22. Rb1 Bc4 23. b3 Bf7 24. Rb2 Be6 25. 
c4 a6 26. Kf2 Bh4+ 27. g3 Bd8 28. g4 Rh7 29. Rd2 a5 30. Rd6 Rh6 31. Bxh6 
Bd7 32. e6 Bh4+ 33. Ke2 Kc7 34. Rxd7+ Kc8 35. g5 1-0

[Event "Spring Server Series, S10521"]
[Site "CCLA"]
[Date "2021.05.22"]
[Round "?"]
[White "Vecchio, Ralph"]
[Black "Harris, Jarrod"]
[Result "0-1"]
[WhiteElo "1412"]
[BlackElo "1488"]

1. e4 e6 2. d4 d5 3. Nc3 Bb4 4. Nf3 c6 5. e5 Ne7 6. Bd3 O-O 7. O-O c5 8. 
Ng5 Ng6 9. a3 cxd4 10. Ne2 Be7 11. f4 Bxg5 12. fxg5 Nxe5 13. Nf4 Nxd3 14. 
Nxd3 Nc6 15. Bf4 f6 16. g6 hxg6 17. Bd2 e5 18. b4 e4 19. Nf4 Ne5 20. Qc1 
e3 21. Be1 g5 22. Bg3 gxf4 23. Rxf4 Qb6 24. h3 d3 25. c3 e2+ 26. Bf2 Qc7 
27. Bc5 Re8 28. Bf2 Nc4 29. Bg3 d2 30. Qb1 d1=Q+ 0-1

[Event "Spring Server Series, S10521"]
[Site "CCLA"]
[Date "2021.05.22"]
[Round "?"]
[White "Vecchio, Ralph"]
[Black "Nurmi, Ronald"]
[Result "0-1"]
[WhiteElo "1412"]
[BlackElo "1492"]

1. e4 c6 2. d4 d5 3. Nc3 dxe4 4. Nxe4 Bf5 5. Ng3 Bg6 6. Nf3 Nf6 7. Ne5 
Nbd7 8. Nxg6 hxg6 9. Be2 e6 10. c3 Bd6 11. Qc2 Qc7 12. Bg5 Bf4 13. O-O 
Bxg5 14. Bf3 O-O 15. b4 Rac8 16. Rfe1 Nb6 17. Qb3 Nbd5 18. c4 Ne7 19. Rad1
Rfd8 20. Qb1 Rd7 21. Rd3 Rcd8 22. Red1 b6 23. a4 a6 24. Re1 Rxd4 25. Rdd1 
Rxd1 26. Bxd1 Rd4 27. Qc2 Qd6 28. Bf3 Qxb4 29. Rd1 Rxc4 30. Rb1 Rxc2 31. 
Rxb4 Rc1+ 32. Nf1 b5 33. h4 c5 34. Rb2 Bf4 35. g3 Be5 36. Kg2 Bxb2 0-1

[Event "Spring Server Series, S10521"]
[Site "CCLA"]
[Date "2021.05.22"]
[Round "?"]
[White "Vecchio, Ralph"]
[Black "Cangelosi, Dominic"]
[Result "1-0"]
[WhiteElo "1412"]
[BlackElo "1441"]

1. e4 c6 2. d4 d5 3. e5 e6 4. Nc3 Nd7 5. Nf3 f6 6. Bf4 g5 7. Be3 b5 8. Bd3
g4 9. Nd2 f5 10. Ne2 Nb6 11. b3 a5 12. Ng3 h5 13. f4 h4 14. Ngf1 a4 15. g3
hxg3 16. Nxg3 Qh4 17. Nf1 {Black player deceased} 1-0

[Event "Spring Server Series, S10521"]
[Site "CCLA"]
[Date "2021.05.22"]
[Round "?"]
[White "Cangelosi, Dominic"]
[Black "Vecchio, Ralph"]
[Result "0-1"]
[WhiteElo "1441"]
[BlackElo "1412"]

1. d4 d5 2. e3 Nf6 3. Bd3 c6 4. f4 e6 5. Nf3 Nbd7 6. Nbd2 Bd6 7. Ne5 O-O 
8. Ndf3 Ne4 9. c4 Ndf6 10. Qc2 a6 11. c5 Be7 12. h4 b5 13. b4 Nh5 14. Nxc6
Qc7 15. Nxe7+ Qxe7 16. Ng5 f5 17. Be2 Nhg3 18. Rh3 Nxe2 19. Qxe2 h6 20. 
Nxe4 fxe4 21. Bd2 e5 {White player deceased} 0-1

[Event "Spring Server Series, S10521"]
[Site "CCLA"]
[Date "2021.05.22"]
[Round "?"]
[White "Cangelosi, Dominic"]
[Black "Nurmi, Ronald"]
[Result "0-1"]
[WhiteElo "1441"]
[BlackElo "1492"]

1. d4 d5 2. e3 Nf6 3. Bd3 c5 4. c3 Nc6 5. f4 Bg4 6. Nf3 e6 7. O-O Bd6 8. 
b3 O-O 9. Nbd2 Rc8 10. Qc2 Qc7 11. Ne5 Bxe5 12. fxe5 Nd7 13. Bxh7+ Kh8 
14. Bd3 Qd8 15. Bh7 Qh4 16. Bd3 a6 17. Rf4 f5 18. h3 g5 19. Rf2 Bh5 
20. Bf1 g4 21. Rf4 Qe7 {White player deceased} 0-1

[Event "Spring Server Series, S10522"]
[Site "CCLA"]
[Date "2021.05.22"]
[Round "?"]
[White "Simonson, Jay"]
[Black "Acosta, Errol"]
[Result "0-1"]
[WhiteElo "1301"]
[BlackElo "1448"]

1. d3 g6 2. e4 Bg7 3. Na3 e5 4. Nc4 d6 5. Nf3 Nf6 6. h3 O-O 7. Bg5 Nc6 8. 
Bxf6 Qxf6 9. Be2 Nd4 10. Nxd4 exd4 11. O-O b5 0-1

[Event "Spring Server Series, S10522"]
[Site "CCLA"]
[Date "2021.05.22"]
[Round "?"]
[White "Simonson, Jay"]
[Black "Williams, Rufus H."]
[Result "1-0"]
[WhiteElo "1301"]
[BlackElo "1215"]

1. d3 d5 2. e4 d4 3. Nf3 c5 4. Ne5 Nf6 5. Qf3 e6 6. Be2 Nbd7 7. Bf4 Nxe5 
8. Bxe5 Be7 9. Nd2 b5 10. O-O O-O 11. Qg3 Qa5 12. Nb3 Qb6 13. Bg4 a5 14. 
a4 Bd7 15. Bc7 Qa7 16. axb5 Bxb5 17. Rxa5 Qb7 18. Rfa1 Rfe8 19. h3 h6 20. 
Be5 Rxa5 21. Rxa5 Bd7 22. Nxc5 Bxc5 23. Rxc5 Qxb2 24. Bxf6 Qc1+ 25. Kh2 
gxf6 26. Bxe6+ Kf8 27. Bxd7 1-0

[Event "Spring Server Series, S10522"]
[Site "CCLA"]
[Date "2021.05.22"]
[Round "?"]
[White "Simonson, Jay"]
[Black "Vance, Taylor"]
[Result "0-1"]
[WhiteElo "1301"]
[BlackElo "1324"]
[Termination "time forfeit"]

1. Nf3 d5 2. c4 d4 3. g3 Nc6 4. d3 e5 5. Ng5 Be7 6. Ne4 Bf5 7. Bg2 Qd7 8. 
O-O Bh3 9. Qa4 Nf6 10. Ng5 Bxg2 11. Kxg2 h6 12. Ne4 Nxe4 13. dxe4 g5 14. 
e3 O-O-O 15. b3 f5 16. Rd1 fxe4 17. exd4 exd4 18. Nc3 Qf5 0-1

[Event "Spring Server Series, S10522"]
[Site "CCLA"]
[Date "2021.05.22"]
[Round "?"]
[White "Acosta, Errol"]
[Black "Simonson, Jay"]
[Result "1-0"]
[WhiteElo "1448"]
[BlackElo "1301"]

1. e4 c5 2. f4 d5 3. exd5 Nf6 4. Nf3 Nxd5 5. Bc4 Nxf4 6. O-O f6 7. d4 Nd5 
8. dxc5 Nb4 9. Nd4 e5 10. Bb5+ Bd7 11. Ne6 Qc8 12. Bxd7+ Nxd7 13. c3 Nc6 
14. Na3 b6 15. Nb5 Bxc5+ 16. Nxc5 Ke7 17. Qd6+ Kf7 18. Qe6+ 1-0

[Event "Spring Server Series, S10522"]
[Site "CCLA"]
[Date "2021.05.22"]
[Round "?"]
[White "Acosta, Errol"]
[Black "Williams, Rufus H."]
[Result "1-0"]
[WhiteElo "1448"]
[BlackElo "1215"]

1. e4 e5 2. f4 exf4 3. Nf3 g5 4. h4 g4 5. Ng5 d6 6. d4 Qe7 7. Bd3 Bg7 8. 
Bxf4 h6 9. Nxf7 Qxf7 10. O-O Bxd4+ 11. Kh1 Qh5 12. Bg3 Bxb2 13. Bc4 Nf6 
14. c3 Rf8 15. Qd4 Nbd7 16. Nd2 Bxa1 17. Rxa1 b6 18. Bb3 Bb7 19. Rf1 Kd8 
20. Be6 Qg6 21. Bf5 Qg7 22. e5 Nh5 23. Be1 g3 24. exd6 Qg8 25. dxc7+ 1-0